India hub for electronics manufacturing (Record no. 523845)

000 -LEADER
fixed length control field 00548nam a22001457a 4500
008 - FIXED-LENGTH DATA ELEMENTS--GENERAL INFORMATION
fixed length control field 231005b ||||| |||| 00| 0 eng d
100 ## - MAIN ENTRY--PERSONAL NAME
Personal name Purkyastha, B.S.
245 ## - TITLE STATEMENT
Title India hub for electronics manufacturing
260 ## - PUBLICATION, DISTRIBUTION, ETC. (IMPRINT)
Place of publication, distribution, etc Kurukshetra
300 ## - PHYSICAL DESCRIPTION
Extent 71(11), Sep, 2023: p.22-26
520 ## - SUMMARY, ETC.
Summary, etc The PLI scheme 2.0 for IT hardware is targeting total production worth Rs. 3.25 lakh crore and additional investment of Rs. 2,430 crore in electronics manufacturing
773 ## - HOST ITEM ENTRY
Main entry heading Kurukshetra
906 ## - LOCAL DATA ELEMENT F, LDF (RLIN)
Subject DIP IDUSTRIAL DEVELOPMENT
942 ## - ADDED ENTRY ELEMENTS (KOHA)
Item type Articles
Holdings
Withdrawn status Lost status Source of classification or shelving scheme Damaged status Not for loan Permanent location Current location Date acquired Serial Enumeration / chronology Barcode Date last seen Koha item type
          Indian Institute of Public Administration Indian Institute of Public Administration 2023-10-05 71(11), Sep, 2023: p.22-26 AR129738 2023-10-05 Articles

Powered by Koha